Qafqazdakı ölkələr və dövlətlər - Statistics

General Stats
  • This quiz has been taken 10 times
  • The average score is 6 of 7
Answers on the Map
Answers color-coded by a green-red scale on the quiz's map according to % correct below.
 
Answer Stats
ölkələr % Correct
ölkələr Azərbaycan
100%
ölkələr Ermənistan
100%
ölkələr Gürcüstan
100%
ölkələr Rusiya
100%
ölkələr Türkiyə
100%
dövlətlər Abxaziya
60%
dövlətlər Cənubi Osetiya
40%
No matching quizzes found
Score Distribution
Percent of People with Each Score
Percentile by Number Answered
Your Score History
You have not taken this quiz